000 00719nam a2200217 a 4500
999 _c2335
_d2335
001 2335
003 BD-JhCC
005 20171101115600.0
008 171101b1990 bg |||| ||a| 000 0 ben d
035 _a(BD-JhCC)2335
040 _aBD-JhCC
_dBD-JhCC
041 _aben
082 _a891.442
_bJAI 1990
100 _aজয়নুদ্দীন, মোহাম্মদ
245 _aসৈয়দ ওয়ালীউল্লাহ্ নাটক /
_cমোহাম্মদ জয়নুদ্দীন
260 _aঢাকা :
_bমু্ক্তধারা প্রকাশনী,
_c১৯৯০.
300 _a112 p. :
_c21 cm.
650 _aBengali Drama
942 _2ddc
_cBK